01578nam a2200301Ia 4500003000500000005001700005008004100022020003000063040002300093082002000116100002400136245004300160260005100203300005000254490006800304504006200372521001000434650031700444651001700761654006900778655002400847690001300871700009900884942004700983999001901030952009601049952013101145322820250328085819.0210817s9999 xx 000 0 und d a9780958 454070qPaperback aRDAbENGLISHc3228 a344.680189 TODD aTodd, Chris9117736 0aCollective bargaining lawcChris Todd. aCape Town, South Africa :b Siber Ink, c2004. axiv, 130 pagesbcolour illustrations:c25 cm. aSiber Ink's must know series Must know series.v9780958 454070 aIncludes bibliographical references (page 113) and index. aAdult 21. Trade Unions and Employer's Organisations -- 2. Freedom of Association and General Protections -- 3. Organisational Rights -- 4. Collective Bargaining: Beyond Organisational Rights -- 5. Strikes and Lock-Outs -- 6. Collective Bargaining: Colective Agreements -- 7. Industry Collective Bargaining Arrangements. aSouth Africa 2Collective bargaining Collective labor agreements South Africa aNon-fiction9190173 255606551 aNic Jooste, Comet Design, Wyvern, Cape Town, Creda Communications (Pty) Ltd, Cape Town9192718 cBOOK2ddcy12663zPriscilla Nozizwe Mogale c202697d202696 00104070aSAKHLbSAKHLd2021-08-18g172.00l0p33228019000718r2021-08-18w2021-08-18yBK 00102ddc40708300aMKHULbMKHULcNon_Fictiond2025-03-28l0o344.680189 TODDp33228 022953168r2025-03-28w2025-03-28yBOOK